01495naa a2200277 i 45000010005000000030009000050050017000140080039000310400021000700800011000910800015001021000109001172450105002262460083003315000021004145200248004356500024006836550030007076500016007377000113007537730221008667110065010879420013011529990015011659520037011803293KOSZ 00520190606151713.0141206s2002 pl f |100 0 pol cBPKdKOSZ 005/EG a621.92 a519.61/.641 aKUKIEŁKA, Leon.d1996 - .bPolitechnika Koszalińska - Wydział Mechaniczny,cKatedra Maszyn Roboczych10aNumeryczna analiza procesu szlifowania bezkłowego przelotowego /cLeon Kukiełka, Jarosław Kustra.31aNumerical analysis pf the process of cylindrical continuous centeless grinding aDane z autopsji. aW niniejszej pracy do rozwiązania modeli mechanicznych i cieplnych procesu skrawania pojedynczym ziarnem modelowym opracowano algorytm analizy numerycznej metodą explicit. Warunki brzegowe przemieszczeń wyznaczono w badaniach modelowych. 0aAnaliza numeryczna. 0aMateriały konferencyjne. 0aSzlifowanie1 aKUSTRA, Jarosław - doktorant.bPolitechnika Koszalińska - Wydział Mechaniczny,cKatedra Maszyn Roboczych0 iW :tDroga krajowa nr 6 osią integracji Pomorza Środkowego i szansą rozwoju motoryzacji : V Słupskie Forum Motoryzacji, Słupsk 18-19 maja 2002. -dSłupsk : Starostwo Powiatowe w Słupsku, 2002. -gs. 183-19822aSłupskie Forum Motoryzacjin(5 ;d2002 ;cSłupsk, Polska). cROZ2UKD c3293d3293 00104070aBPKbBPKo76402yROZ